书目信息 |
| 题名: |
保密知识简明读本
|
|
| 作者: | ;国家保密局编写组 | |
| 分册: | ||
| 出版信息: | 北京 金城出版社 2011.12 |
|
| 页数: | 135页 | |
| 开本: | 20cm | |
| 丛书名: | ||
| 单 册: | ||
| 中图分类: | d630.1 | |
| 科图分类: | ||
| 主题词: | 政治--中国 | |
| 电子资源: | ||
| ISBN: | ||
| 000 | 00569nam0 2200181 450 | |
| 001 | 1457342310 | |
| 005 | 20141231155734.40 | |
| 100 | @a20141231d2011 km y0chiy0120 ea | |
| 101 | 0 | @achi |
| 102 | @aCN | |
| 200 | 1 | @a保密知识简明读本@Abao mi zhi shi jian ming du ben@f国家保密局编写组@Fguo jia bao mi ju bian xie zu |
| 210 | @a北京@c金城出版社@d2011.12 | |
| 215 | @a135页@d20cm | |
| 606 | 0 | @a政治@x中国 |
| 690 | @ad630.1@v4 | |
| 711 | 02 | @a国家保密局编写组@Aguo jia bao mi ju bian xie zu |
| 801 | 0 | @aCN@b大连网信软件有限公司图书馆·11@c20141231 |
| 905 | @aZUCC@dD630.1@eG894 | |
| 保密知识简明读本/国家保密局编写组.-北京:金城出版社,2011.12 |
| 135页;20cm |
| ISBN : |
| ● |
| 相关链接 |
|
|
|
正题名:保密知识简明读本
索取号:D630.1/G894
 
预约/预借
| 序号 | 登录号 | 条形码 | 馆藏地/架位号 | 状态 | 备注 |
| 1 | 495459 | 204954594 | 社科库509/509社科库 73排2列5层/ [索取号:D630.1/G894] | 在馆 |